Statistics for -Ger Vocabulary Words

Click here to take the quiz!

General Stats

  • This quiz has been taken 474 times
  • The average score is 10 of 20

Answer Stats

DefinitionWord% Correct
Large felineTiger
89%
Exposure to injury or riskDanger
82%
Less oldYounger
82%
Rider on trains, planes or automobilesPassenger
81%
Where Jesus began his lifeManger
71%
Doctors used these before cellphones took overPager
70%
Unknown personStranger
66%
Despite its German name, a very American foodHamburger
65%
Bock, Pilsner and Märzen, for exampleLager
59%
Widow who has inherited a title, and/or moneyDowager
52%
Root vegetable used in cookery and medicineGinger
49%
Deliverer of newsMessenger
49%
Evader of responsibility, eg for taxes or the draftDodger
46%
Event predictor, based on planetary positionsAstrologer
39%
Graffiti writerTagger
25%
Quick, witty or pointed remark or retortZinger
25%
Church official, especially in EnglandVerger
12%
Small sponge cakeLadyfinger
7%
Embarrassing blunderClanger
6%
Rule breakerInfringer
2%

Score Distribution

Percentile by Number Answered

Percent of People with Each Score

Your Score History

You have not taken this quiz